书目信息 |
| 题名: |
无所畏惧
|
|
| 作者: | 科恩 著 ;卢晓兰 译 | |
| 分册: | ||
| 出版信息: | 天津 天津教育出版社 2009.09 |
|
| 页数: | 295页 | |
| 开本: | 25cm | |
| 丛书名: | ||
| 单 册: | ||
| 中图分类: | K712.52 | |
| 科图分类: | ||
| 主题词: | 罗斯福"新政"--1933~1936--史料 | |
| 电子资源: | ||
| ISBN: | 978-7-5309-5818-6 | |
| 000 | 01187nam0 2200289 450 | |
| 001 | 012010610791 | |
| 005 | 20100628102619.92 | |
| 009 | 012004395663 | |
| 010 | @a978-7-5309-5818-6@dCNY32.00 | |
| 100 | @a20100515d2009 em y0chiy0110 ea | |
| 101 | 1 | @achi@ceng |
| 102 | @aCN@b120000 | |
| 105 | @aa z 000yy | |
| 200 | 1 | @a无所畏惧@Awu suo wei ju@d= Nothing to fear@e罗斯福重塑美国的百日新政@f(美) 亚当·科恩著@F(mei)ya dang·ke en zhu@g卢晓兰译@zeng |
| 210 | @a天津@c天津教育出版社@d2009.09 | |
| 215 | @a295页@c图@d25cm | |
| 300 | @a弘文人文馆 天下文库 | |
| 312 | @a英文题名:取自版权页 | |
| 330 | @a本书是作者在金融危机后,为美国领导人量身定做的危机解决读本。书中介绍了罗斯福重塑美国的百日新政,对罗斯福的核心集团进行了剖析,在领导、管理和创新方面提供了优秀的见解。 | |
| 500 | 10 | @aNothing to fear@eFDR's inner circle and the hundred day's that created modern America@mChinese |
| 517 | 1 | @a罗斯福重塑美国的百日新政@Aluo si fu chong su mei guo de bai ri xin zheng |
| 606 | 0 | @a罗斯福"新政"@z1933~1936@j史料 |
| 690 | @aK712.52@v4 | |
| 701 | 1 | @a科恩@Ake en@g(Cohen, Adam)@4著 |
| 702 | 0 | @a卢晓兰@Alu xiao lan@4译 |
| 801 | 0 | @aCN@c20100515 |
| 905 | @dK712.52@eK495@f3 | |
| 无所畏惧= Nothing to fear:罗斯福重塑美国的百日新政/(美) 亚当·科恩著/卢晓兰译.-天津:天津教育出版社,2009.09 |
| 295页:图;25cm |
| 弘文人文馆 天下文库 |
| ISBN 978-7-5309-5818-6:CNY32.00 |
| 本书是作者在金融危机后,为美国领导人量身定做的危机解决读本。书中介绍了罗斯福重塑美国的百日新政,对罗斯福的核心集团进行了剖析,在领导、管理和创新方面提供了优秀的见解。 |
| ● |
| 相关链接 |
|
|
|
正题名:无所畏惧
索取号:K712.52/K495
 
预约/预借
| 序号 | 登录号 | 条形码 | 馆藏地/架位号 | 状态 | 备注 |
| 1 | 988810 | 209888102 | 社科库309/309社科库 41排4列2层/ [索取号:K712.52/K495] | 在馆 | |
| 2 | 988811 | 209888111 | 社科库309/309社科库 41排4列2层/ [索取号:K712.52/K495] | 在馆 | |
| 3 | 988812 | 209888120 | 社科库309/309社科库 41排4列2层/ [索取号:K712.52/K495] | 在馆 |